[Event "SUI-ch HT"]
[Site "Bern"]
[Date "2014.09.27"]
[Round "1"]
[White "Akermann, Thomas"]
[Black "Wyttenbach, Jurg"]
[Result "1-0"]
[WhiteElo "2191"]
[BlackElo "2094"]
[PlyCount "79"]
[EventDate "2014.09.27"]
[EventType "swiss"]
[EventRounds "9"]
[EventCountry "SUI"]
[SourceTitle "EXT 2016"]
[Source "ChessBase"]
[SourceDate "2015.10.08"]
[SourceVersion "1"]
[SourceVersionDate "2015.10.08"]
[SourceQuality "1"]

1. c4 e6 2. Nc3 Nf6 3. e4 d5 4. e5 d4 5. exf6 dxc3 6. bxc3 Qxf6 7. Nf3 Be7 8. d4 h6 9. Bd3 c5 10. 0-0 Nc6 11. Be4 0-0 12. Re1 Rd8 13. Be3 Bd7 14. Bc2 Bf8 15. Qd3 g6 16. Rad1 cxd4 17. cxd4 Nb4 18. Qb3 Nxc2 19. Qxc2 Rac8 20. Qb3 b6 21. Ne5 Be8 22. Qd3 Ba4 23. Rd2 Bb4 24. Ng4 Qe7 25. Bxh6 Bxd2 26. Bxd2 Be8 27. Bc3 Qg5 28. h3 f5 29. Ne5 b5 30. cxb5 Rd5 31. a4 Qe7 32. Nf3 Bf7 33. Bd2 Qc7 34. Qe3 Qe7 35. Qh6 Qf8 36. Qh4 Qg7 37. Bg5 Qh7 38. Qf4 Qg7 39. Rc1 Rxc1+ 40. Qxc1 1-0